The Billion Dollar Quiz - Sudden Death - Statistics

General Stats
  • This quiz has been taken 310 times
  • The average score is 3 of 12
Answers on the Grid
Answers color-coded by a green-red scale on the quiz's grid according to % correct below.
Antillia (House of Mukesh Ambani)
Solomon Islands
Round trip to the moon
Mona Lisa
The White House
Chennai Super Kings (most expensive cricket team that you can buy)
150 million Big Macs
Empire State Building
Elon Musk
Sukhoi Su-37
Migaloo Private Submersible Yacht (most expensive submarine)
1963 Ferrari 250 GTO
20 years in the Lover's Deep Luxury Submarine (most expensive hotel)
International Space Station
170 bananas duct-taped to a wall
10 Trident Missiles (most expensive missiles)
500 billion liters of water in NYC
Dallas Cowboys (most expensive NFL team)
8700 kg of gold in New Delhi
The Kohinoor
The Large Hadron Collider
 
Answer Stats
Answer % Correct
Elon Musk
68%
International Space Station
39%
Solomon Islands
36%
Dallas Cowboys (most expensive NFL team)
34%
Antillia (House of Mukesh Ambani)
30%
The Large Hadron Collider
30%
Empire State Building
22%
Migaloo Private Submersible Yacht (most expensive submarine)
11%
20 years in the Lover's Deep Luxury Submarine (most expensive hotel)
10%
Chennai Super Kings (most expensive cricket team that you can buy)
10%
170 bananas duct-taped to a wall
8%
The Kohinoor
5%
No matching quizzes found
Score Distribution
Percent of People with Each Score
Percentile by Number Answered
Your Score History
You have not taken this quiz